| 000 | 00722mam a2200265 i 4500 | ||
|---|---|---|---|
| 001 | 1726134 | ||
| 003 | OSt | ||
| 005 | 20180116183024.0 | ||
| 008 | 770929s1978 nyu 000 1 eng | ||
| 010 | _a 77021169 | ||
| 020 |
_a0394408934 : _c$9.95 |
||
| 035 | _a(OCoLC)ocm03361335 | ||
| 040 |
_aDLC _cDLC |
||
| 050 | 0 |
_aPZ4.R66248 _bPe 1978 _aPS3568.O2898 |
|
| 082 | _a813.54 ROB 1978 | ||
| 100 | 1 |
_aRobinson, Jill, _d1936- |
|
| 245 | 1 | 0 |
_aPerdido _cJill Robinson. |
| 250 | _a1st ed. | ||
| 260 |
_aNew York : _bKnopf, _c1978. |
||
| 300 |
_a454 p. _c22 cm. |
||
| 440 | _aPerdido | ||
| 590 | _aRare Book copy: On cover: "Special advance reading edition (not for sale)". | ||
| 942 |
_2ddc _cBK |
||
| 999 |
_c350711 _d350711 |
||